English Premier League managers before the current manager (soccer/football) - Statistics

General Stats
  • This quiz has been taken 387 times
  • The average score is 9 of 20
Answer Stats
Club Current Manager Former Manager % Correct
Everton Roberto Martinez David Moyes
73%
Liverpool Brendan Rodgers Kenny Dalglish
71%
Fulham Marton Jol Mark Hughes
68%
Manchester United David Moyes Sir Alex Ferguson
66%
Newcastle United Alan Pardew Chris Hughton
58%
Manchester City Roberto Mancini (sacked) Mark Hughes
58%
Tottenham Hotspur Andre Villas Boas Harry Redknapp
54%
Swansea Michael Landrup Brendan Rodgers
45%
Arsenal Arsene Wenger Bruce Rioch
42%
Sunderland Paolo Di Canio Martin O'Neil
41%
Southampton Mauricio Pochettino Nigel Adkins
41%
Cardiff Malky Mackay Dave Jones
39%
Chelsea Rafael Benitez Roberto Di Matteo
37%
West Bromwich Albion Steve Clarke Roy Hodgson
35%
Norwich Chris Hughton Paul Lambert
32%
West Ham United Sam Allardyce Avram Grant
30%
Stoke City Mark Hughes Tony Pulis
30%
Watford Gianfranco Zola Sean Dyche
25%
Hull Steve Bruce Nick Barmby
24%
Aston Villa Paul Lambert Alex Mcleish
22%
No matching quizzes found
Score Distribution
Percent of People with Each Score
Percentile by Number Answered
Your Score History
You have not taken this quiz